Ανάπτυξη εφαρμογών σε προγραμματιστικό περιβάλλον : τετράδιο μαθητή Γ' Ενιαίου Λυκείου (Τεχνολογικής κατεύθυνσης)
Saved in:
| Main Author: | |
|---|---|
| Corporate Author: | |
| Format: | Book |
| Language: | Greek |
| Published: |
Αθήνα :
Υπουργείο Εθνικής Παιδείας και Θρησκευμάτων, Παιδαγωγικό ινστιτούτο,
1999
|
| Subjects: | |
| Tags: |
Add Tag
No Tags, Be the first to tag this record!
|
MARC
| LEADER | 00000cam a2200000 i 4500 | ||
|---|---|---|---|
| 001 | 1/31552 | ||
| 008 | 060627s1999 gre d | ||
| 020 | |a 960-7251-42-3 | ||
| 035 | |l 10084437 | ||
| 040 | |a GR-MY-UA |b gre |e aacr | ||
| 041 | 0 | |a gre | |
| 082 | 0 | |a 005.1 |2 (21) | |
| 100 | 1 | |a Βακάλη, Αθηνά. | |
| 245 | 1 | 0 | |a Ανάπτυξη εφαρμογών σε προγραμματιστικό περιβάλλον : |b τετράδιο μαθητή Γ' Ενιαίου Λυκείου (Τεχνολογικής κατεύθυνσης) / |c Α. Βακάλη ... [κ.ά] |
| 260 | |a Αθήνα : |b Υπουργείο Εθνικής Παιδείας και Θρησκευμάτων, |b Παιδαγωγικό ινστιτούτο, |c 1999 | ||
| 300 | |a 234 σ.; |b εικ.; |c 23 εκ. | ||
| 650 | 0 | 0 | |a Computer programming |x Study and teaching (Higher) |
| 650 | 0 | 0 | |a Computer algorithms |x Study and teaching (Higher) |
| 710 | 2 | |a Υπουργείο Εθνικής Παιδείας και Θρησκευμάτων |b Παιδαγωγικό Ινστιτούτο. | |
| 852 | |a INST |b LESVOS |e 20060627 |h 005.1 ΒΑΚ |p 005100036176 |q 005100036176 |t BK |y 0 | ||
| 901 | |a BIBL1-2006-2 | ||
| 909 | |a Λ |b 106511 | ||
| 970 | |a ΚΑΡΑ |b ΓΙΑΣΕΜΗ |z 2006/06/27 | ||